Loading...
| Current Events | 1 | 0.00 | 0% | 0% | 0% |
| Fine Arts - Classical Music | 6 | 13.33 | 100% | 33% | 0% |
| Fine Arts - Other | 2 | 10.00 | 100% | 0% | 0% |
| Geography | 3 | 16.67 | 100% | 67% | 0% |
| History - American | 3 | 20.00 | 100% | 67% | 33% |
| History - European | 3 | 13.33 | 100% | 0% | 33% |
| History - Other | 4 | 17.50 | 100% | 25% | 50% |
| History - World | 3 | 13.33 | 100% | 33% | 0% |
| Literature - American | 5 | 22.00 | 100% | 100% | 20% |
| Literature - British | 4 | 15.00 | 75% | 50% | 25% |
| Literature - European | 5 | 16.00 | 100% | 60% | 0% |
| Literature - World | 2 | 15.00 | 100% | 50% | 0% |
| Mythology | 5 | 20.00 | 100% | 80% | 20% |
| Pop Culture | 4 | 17.50 | 100% | 75% | 0% |
| Science - Biology | 1 | 20.00 | 100% | 100% | 0% |
| Science - Chemistry | 3 | 16.67 | 100% | 67% | 0% |
| Science - Other | 3 | 13.33 | 100% | 0% | 33% |
| Science - Physics | 2 | 10.00 | 50% | 50% | 0% |
| Social Science | 2 | 10.00 | 100% | 0% | 0% |